书目信息 |
| 题名: |
新饰家丛书
|
|
| 作者: | 李洪军 , 王浩雪 编著 | |
| 分册: | 舒适生活设计 | |
| 出版信息: | 沈阳 辽宁美术出版社 2014.05 |
|
| 页数: | 48页 | |
| 开本: | 26cm | |
| 丛书名: | ||
| 单 册: | ||
| 中图分类: | TU241.02 | |
| 科图分类: | ||
| 主题词: | 住宅--zhu zhai--室内装饰设计--图集 | |
| 电子资源: | ||
| ISBN: | 978-7-5314-6272-9 | |
| 000 | 00954nam 2200277 450 | |
| 001 | CAL 0120141331399 | |
| 005 | 20150824164819.87 | |
| 010 | @a978-7-5314-6272-9@dCNY25.00 | |
| 100 | @a20140703d2014 em y0chiy50 ea | |
| 101 | 0 | @achi |
| 102 | @aCN@b210000 | |
| 105 | @aa z 000yy | |
| 106 | @ar | |
| 200 | 1 | @a新饰家丛书@Axin shi jia cong shu@d= New decorated home@i舒适生活设计@f李洪军, 王浩雪编著@zeng |
| 210 | @a沈阳@c辽宁美术出版社@d2014.05 | |
| 215 | @a48页@c彩图@d26cm | |
| 330 | @a本书主要针对舒适生活设计, 书中展现了欧式新古典风格、欧式乡村风格、新古典风格、新古典主义风格、现代欧式风格等。 | |
| 510 | 1 | @aNew decorated home@zeng |
| 517 | 1 | @a舒适生活设计@Ashu shi sheng huo she ji |
| 586 | @a | |
| 606 | 0 | @a住宅@Azhu zhai@x室内装饰设计@j图集 |
| 690 | @aTU241.02@v5 | |
| 701 | 0 | @a李洪军@Ali hong jun@4编著 |
| 701 | 0 | @a王浩雪@Awang hao xue@4编著 |
| 801 | 0 | @aCN@c20150820 |
| 905 | @a河南城建学院图书馆@dTU241.02@eL1701@f3 | |
| 新饰家丛书= New decorated home.舒适生活设计/李洪军, 王浩雪编著.-沈阳:辽宁美术出版社,2014.05 |
| 48页:彩图;26cm |
| ISBN 978-7-5314-6272-9:CNY25.00 |
| 本书主要针对舒适生活设计, 书中展现了欧式新古典风格、欧式乡村风格、新古典风格、新古典主义风格、现代欧式风格等。 |
| ● |
| 相关链接 |
|
|
|
正题名:新饰家丛书
索取号:TU241.02/L1701
 
预约/预借
| 序号 | 登录号 | 条形码 | 馆藏地/架位号 | 状态 | 备注 |
| 1 | 1170148 | 211701489 | 建筑库101/101建筑库 63排2列1层/ [索取号:TU241.02/L1701] | 在馆 | |
| 2 | 1170149 | 211701498 | 建筑库101/101建筑库 63排2列1层/ [索取号:TU241.02/L1701] | 在馆 | |
| 3 | 1170150 | 211701504 | 建筑库101/101建筑库 63排2列1层/ [索取号:TU241.02/L1701] | 在馆 |